| 000 | 00902nam a2200241 a 4500 | ||
|---|---|---|---|
| 003 | OSt | ||
| 005 | 20260401121605.0 | ||
| 008 | 260401b |||||||| |||| 00| 0 eng d | ||
| 020 |
_a0024317403 _chardcover |
||
| 020 |
_a9780024317407 _c(hardcover) |
||
| 040 |
_aDLC _beng _cDLC _dUSM _diCATSUC |
||
| 050 |
_aHB615 _b.Z72 1996 |
||
| 100 |
_aZimmerer, Thomas W., _eauthor. |
||
| 245 |
_aEntrepreneurship and new venture formation / _cThomas W. Zimmerer, & Norman M. Scarborough. |
||
| 260 |
_aUpper Saddle River, NJ. : _bPrentice Hall Inc., _c1996. |
||
| 300 |
_axi, 680 p. : _bill. ; _c26 cm. |
||
| 504 | _aIncludes bibliographical references and index. | ||
| 650 |
_aEntrepreneurship _zUnited States. |
||
| 650 |
_aMarketing _xManagement _zUnited States. |
||
| 650 |
_aNew business enterprises _xManagement _zUnited States. |
||
| 700 |
_aScarborough, Norman M., _eauthor. |
||
| 942 |
_2lcc _cBOOKS _n0 |
||
| 999 |
_c2715 _d2715 |
||